Loreto College Library, Kolkata
WEBOPAC (ONLINE PUBLIC ACCESS CATALOGUE)

Pindari carmina (Record no. 22877)

MARC details
000 -LEADER
fixed length control field 00512nam a2200193Ia 4500
005 - DATE AND TIME OF LATEST TRANSACTION
control field 20230201111703.0
008 - FIXED-LENGTH DATA ELEMENTS--GENERAL INFORMATION
fixed length control field 131103s9999 xx 000 0 und d
040 ## - CATALOGING SOURCE
Original cataloging agency Loreto College
041 ## - LANGUAGE CODE
Language code English
082 ## - DDC | ডিউই
Classification number | বর্গসংখ্যা 881
Book Number | গ্রন্থাঙ্ক PIN
100 ## - MAIN ENTRY--PERSONAL NAME | মুখ্য সংলেখ - ব্যাক্তিনাম
Personal name | ব্যাক্তিনাম Bowra, C. M.
245 ## - TITLE STATEMENT | অাখ্যা বিবরণী
Title | অাখ্যা Pindari carmina
Sub title | উপঅাখ্যা cvm fragmentis
Statement of responsibility | লেখকের দায়িত্বের বিবরণ C. M. Bowra
260 ## - IMPRINT | প্রকাশনা ক্ষেত্র
Place of publication | প্রকাশ স্থান Great Britain
Name of publisher | প্রকাশকের নাম At The University Press, Oxford
Date of publication | প্রকাশ কাল 1980
300 ## - PHYSICAL DESCRIPTION |
Page / Vol. No | পৃষ্ঠা / খন্ড সংখ্যা 291p.
504 ## - BIBLIOGRAPHY, ETC. NOTE
Bibliography, etc Includes index
650 ## - SUBJECT ADDED ENTRY--TOPICAL TERM | বিষয় শিরোনাম - মূল বিষয়
Topical term | মূল বিষয় Classical Greek poetry
850 ## - HOLDING INSTITUTION
Holding institution LCLIB
942 ## - ADDED ENTRY ELEMENTS (KOHA)
Koha item type Books
Holdings
Withdrawn status Lost status Source of classification Damaged status Not for loan Home library Current library Date acquired Total Checkouts Full call number Accession No. Date last seen Price effective from Koha item type Coded location qualifier
    Dewey Decimal Classification     Loreto College Loreto College 04/11/2013   881 PIN 28183 B25420 04/11/2013 04/11/2013 Books